<?xml version="1.0" encoding="UTF-8"?>
<collection xmlns="http://www.loc.gov/MARC21/slim">
  <record>
    <leader>00000nam  2200000   4500</leader>
    <controlfield tag="001">NUTBA000000000000169</controlfield>
    <controlfield tag="005">20180419093006</controlfield>
    <datafield tag="035" ind1="#" ind2="#">
      <subfield code="a">0010-031400000000168</subfield>
    </datafield>
    <controlfield tag="008">180419###########################0######</controlfield>
    <datafield tag="020" ind1="#" ind2="#">
      <subfield code="a">979-421-742-5</subfield>
    </datafield>
    <datafield tag="100" ind1="#" ind2="#">
      <subfield code="a">Wijaya Gunawan</subfield>
    </datafield>
    <datafield tag="245" ind1="1" ind2="#">
      <subfield code="a">Seri Hukum Bisnis Kepailitan /</subfield>
      <subfield code="c">ahmad yani &amp; gunawan widjaja</subfield>
    </datafield>
    <datafield tag="260" ind1="#" ind2="#">
      <subfield code="a">Jakarta :</subfield>
      <subfield code="b">Raja Grafindo Persada,</subfield>
      <subfield code="c">2004</subfield>
    </datafield>
    <datafield tag="300" ind1="#" ind2="#">
      <subfield code="a">246 Hlm</subfield>
    </datafield>
    <datafield tag="650" ind1="#" ind2="#">
      <subfield code="a">Hukum Dagang</subfield>
    </datafield>
    <datafield tag="850" ind1="#" ind2="#">
      <subfield code="a">NBPN MAT</subfield>
    </datafield>
    <datafield tag="990" ind1="#" ind2="#">
      <subfield code="a">90290/BPAP-NTB/2014</subfield>
    </datafield>
    <datafield tag="990" ind1="#" ind2="#">
      <subfield code="a">0001/BPAP-NTB/2016</subfield>
    </datafield>
    <datafield tag="990" ind1="#" ind2="#">
      <subfield code="a">01201712731</subfield>
    </datafield>
  </record>
</collection>
